[Event "XVII Weekend B"]
[Site "Campodarsego ITA"]
[Date "2006.01.21"]
[Round "2"]
[White "Demiraj, Rumi"]
[Black "Quaranta, Gaetano"]
[Result "1-0"]
[WhiteElo "1895"]
[BlackElo "1670"]
[PlyCount "171"]
[EventDate "2006.01.20"]

1. e4 e5 2. Nf3 Nc6 3. Bb5 a6 4. Bxc6 dxc6 5. O-O Bg4 6. h3 h5 7. d3 Bxf3 8.
Qxf3 Qf6 9. Qe2 g5 10. g3 O-O-O 11. Qe3 Bh6 12. Qa7 Ne7 13. Nc3 c5 14. Qxc5 Kb8
15. Be3 Nc6 16. Nd5 Qe6 17. Kg2 g4 18. h4 Bxe3 19. Nxe3 Nd4 20. c3 Nf3 21. Rfd1
Rd6 22. Nf5 Rb6 23. b3 Rc6 24. Qb4 Rd8 25. Rac1 Rb6 26. Qa3 Qf6 27. Qb2 Qc6 28.
Qe2 Qe6 29. Qe3 Rc6 30. d4 exd4 31. cxd4 Rxc1 32. Rxc1 Qf6 33. Rd1 Qc6 34. Qd3
Ne5 35. Qb1 Nf3 36. d5 Qc3 37. Qc1 Qe5 38. Qc2 Re8 39. d6 cxd6 40. Qc4 Qxe4 41.
Qxe4 Rxe4 42. Nxd6 Re7 43. Nf5 Re5 44. Ne3 Kc7 45. Rd5 Kc6 46. Rxe5 Nxe5 47.
Kf1 Nd3 48. a3 Nc5 49. b4 Ne4 50. a4 b6 51. Ke2 a5 52. bxa5 bxa5 53. Nc4 Kd5
54. Nxa5 Nc3+ 55. Ke3 Nxa4 56. Kf4 Nc3 57. Kg5 Ne4+ 58. Kxh5 Nxf2 59. Kg5 Ke6
60. Nc6 f6+ 61. Kg6 Ne4 62. Nd4+ Ke5 63. Ne2 f5 64. h5 Nf6 65. h6 Ke6 66. Nf4+
Ke7 67. Nd5+ Nxd5 68. h7 Ke6 69. h8=Q f4 70. Qc8+ Kd6 71. Qxg4 fxg3 72. Qxg3+
Ke6 73. Qe1+ Kd6 74. Kf7 Kc6 75. Ke6 Nc7+ 76. Ke5 Kd7 77. Qd2+ Kc6 78. Qd6+ Kb7
79. Qd7 Kb6 80. Kd4 Nb5+ 81. Kc4 Nc7 82. Qd6+ Kb7 83. Kb4 Kc8 84. Ka5 Kb7 85.
Qd7 Kb8 86. Kb6 1-0

[Event "XVII Weekend B"]
[Site "Campodarsego ITA"]
[Date "2006.01.21"]
[Round "2"]
[White "Elsler, Helene"]
[Black "De Marchi, Alessandro"]
[Result "0-1"]
[WhiteElo "1534"]
[BlackElo "1470"]
[PlyCount "57"]
[EventDate "2006.01.20"]

1. d4 Nf6 2. Nc3 d5 3. f3 Bf5 4. Bg5 h6 5. Bxf6 exf6 6. e4 dxe4 7. fxe4 Bg6 8.
Bc4 Nc6 9. d5 Ne5 10. Bb3 Bb4 11. Qe2 Qe7 12. Qb5+ c6 13. dxc6 bxc6 14. Qe2 Qc5
15. O-O-O Bxc3 16. bxc3 Qxc3 17. Kb1 a5 18. a4 Rb8 19. Ka2 c5 20. Qd2 Qxd2 21.
Rxd2 c4 22. Nf3 cxb3+ 23. cxb3 O-O 24. Nxe5 fxe5 25. Re1 Rfd8 26. Rd5 Rxd5 27.
exd5 f5 28. d6 Kf8 29. d7 {...} 0-1

[Event "XVII Weekend B"]
[Site "Campodarsego ITA"]
[Date "2006.01.21"]
[Round "2"]
[White "Liekocaj, Ivan"]
[Black "Giordan, Daniele"]
[Result "0-1"]
[WhiteElo "1700"]
[BlackElo "1870"]
[PlyCount "101"]
[EventDate "2006.01.20"]

1. d4 d5 2. c4 c6 3. cxd5 cxd5 4. Nc3 Nc6 5. Nf3 Nf6 6. Bf4 e6 7. a3 Be7 8. e3
Nh5 9. Bg3 Nxg3 10. hxg3 Bd7 11. Bd3 g6 12. b4 Rc8 13. Rc1 a5 14. b5 Na7 15. a4
Bb4 16. Qb3 b6 17. Ke2 O-O 18. Ne5 Kg7 19. Na2 Bd6 20. Rxc8 Qxc8 21. Rc1 Qb7
22. Nxd7 Qxd7 23. Rc3 Rc8 24. Qc2 e5 25. dxe5 Bxe5 26. Rxc8 Nxc8 27. f4 Bf6 28.
Qc6 Qg4+ 29. Kf2 Ne7 30. Qc2 h5 31. Be2 Qe6 32. Nc1 Nf5 33. Qd3 Nh6 34. Bf3 h4
35. gxh4 Bxh4+ 36. g3 Be7 37. Ne2 Qh3 38. Qxd5 Nf5 39. Bg2 Qh2 40. Qf3 Bc5 41.
Nd4 Nxd4 42. exd4 Bxd4+ 43. Ke2 Qg1 44. Kd3 Qe1 45. Qe4 Qc3+ 46. Ke2 Qc4+ 47.
Qd3 Qxa4 48. Bc6 Qa2+ 49. Qd2 Qe6+ 50. Kf3 Bc5 51. Qc3+ 0-1

[Event "XVII Weekend B"]
[Site "Campodarsego ITA"]
[Date "2006.01.21"]
[Round "2"]
[White "Marson, Antonio"]
[Black "Favero, Graziano"]
[Result "1/2-1/2"]
[WhiteElo "1851"]
[BlackElo "1649"]
[PlyCount "33"]
[EventDate "2006.01.20"]

1. d4 Nf6 2. Bf4 g6 3. e3 Bg7 4. h3 d6 5. Nf3 O-O 6. Be2 c5 7. c3 cxd4 8. cxd4
Nc6 9. O-O Bf5 10. Nc3 Qa5 11. a3 e5 12. Bh2 Rfe8 13. b4 Qc7 14. d5 Ne7 15. Rc1
Rec8 16. Qd2 Qd8 17. Rfe1 1/2-1/2

[Event "XVII Weekend B"]
[Site "Campodarsego ITA"]
[Date "2006.01.21"]
[Round "2"]
[White "Pagan, Andrea"]
[Black "Busa', Michele"]
[Result "1-0"]
[WhiteElo "1733"]
[BlackElo "1616"]
[PlyCount "93"]
[EventDate "2006.01.20"]

1. d4 g6 2. e4 Bg7 3. Nc3 d6 4. Bg5 Nd7 5. Nf3 c5 6. Bc4 cxd4 7. Nxd4 Qb6 8.
Nb3 Ne5 9. Nd5 Qd8 10. Be2 Nf6 11. Nxf6+ exf6 12. Be3 O-O 13. O-O f5 14. exf5
Bxf5 15. Nd4 Be6 16. Nb5 Bc4 17. f4 Bxe2 18. Qxe2 Nc6 19. c3 Re8 20. Rad1 d5
21. Qf3 Re4 22. Rd3 a6 23. Na3 f5 24. Rfd1 Qe7 25. Nc2 d4 26. Nxd4 Nxd4 27.
Bxd4 Rd8 28. Bxg7 Re1+ 29. Kf2 Rxd1 30. Qxd1 Rxd3 31. Qxd3 Kxg7 32. Qd4+ Kf7
33. g3 Qe6 34. c4 Qc6 35. Qd5+ Qxd5 36. cxd5 Ke7 37. Ke3 Kd7 38. Kd4 Kd6 39.
Kc4 b6 40. a4 b5+ 41. axb5 axb5+ 42. Kxb5 Kxd5 43. b4 Kd6 44. Kb6 Kd7 45. Kb7
Kd8 46. b5 Kd7 47. b6 1-0

[Event "XVII Weekend B"]
[Site "Campodarsego ITA"]
[Date "2006.01.21"]
[Round "2"]
[White "Palumbo, Giuseppe"]
[Black "Fracasso Pezzolato, Michele"]
[Result "0-1"]
[WhiteElo "1631"]
[BlackElo "1799"]
[PlyCount "54"]
[EventDate "2006.01.20"]

1. e4 e5 2. f4 exf4 3. Nf3 g5 4. d4 Bg7 5. Bc4 d6 6. O-O h6 7. Nc3 Ne7 8. h4
Nbc6 9. Ne2 Ng6 10. h5 Nge7 11. c3 d5 12. exd5 Nxd5 13. Re1 O-O 14. b4 Nce7 15.
Qb3 c6 16. Bd2 Nf5 17. Nc1 Nfe3 18. Bxe3 Nxe3 19. Nd3 b5 20. Bxf7+ Rxf7 21.
Nde5 Bxe5 22. Nxe5 Qd5 23. Qxd5 cxd5 24. Nxf7 Kxf7 25. Rxe3 fxe3 26. Re1 Bg4
27. Rxe3 Re8 0-1

[Event "XVII Weekend B"]
[Site "Campodarsego ITA"]
[Date "2006.01.21"]
[Round "2"]
[White "Pivovarov, Michail"]
[Black "Tonolo, Maurizio"]
[Result "1/2-1/2"]
[WhiteElo "1600"]
[BlackElo "1712"]
[PlyCount "99"]
[EventDate "2006.01.20"]

1. b4 d5 2. Nf3 Bg4 3. e3 e6 4. Bb2 Nf6 5. a3 c5 6. Bb5+ Nc6 7. bxc5 Bxc5 8.
O-O O-O 9. h3 Bh5 10. d4 Bd6 11. Nc3 Rc8 12. Be2 a6 13. Rb1 Qc7 14. Nd2 Bxe2
15. Qxe2 Na5 16. Rfc1 Nc4 17. Nxc4 Qxc4 18. Qd3 Rc7 19. f3 e5 20. dxe5 Bxe5 21.
Qxc4 Rxc4 22. Ne2 Bxb2 23. Rxb2 b5 24. Kf2 Rfc8 25. Nd4 Nd7 26. Ke2 Nb6 27. Rb3
g6 28. Kd2 Kf8 29. Rcb1 R4c7 30. Kd3 Re7 31. Re1 Nc4 32. c3 Rce8 33. Nc2 f5 34.
f4 Na5 35. Rbb1 Re4 36. Rb4 Nc4 37. Rbb1 Ke7 38. a4 bxa4 39. Rb7+ Kd6 40. Ra7
a5 41. g4 Nb2+ 42. Kd2 Nc4+ 43. Kd3 a3 44. gxf5 gxf5 45. Rxh7 a2 46. Ra1 Nxe3
47. Rxa2 Nc4 48. Nd4 Rxf4 49. Rg2 Re7 50. Rg6+ 1/2-1/2

[Event "XVII Weekend B"]
[Site "Campodarsego ITA"]
[Date "2006.01.21"]
[Round "2"]
[White "Rosina, Graziano"]
[Black "Cusella, Flaviano"]
[Result "1-0"]
[WhiteElo "1521"]
[BlackElo "1464"]
[PlyCount "93"]
[EventDate "2006.01.20"]

1. e4 d6 2. d4 Nf6 3. Nc3 g6 4. Bc4 Bg7 5. Nge2 O-O 6. f3 c5 7. Be3 Nc6 8. a3
a6 9. dxc5 dxc5 10. Qxd8 Rxd8 11. Bxc5 b5 12. Bd5 Nxd5 13. exd5 Na5 14. Bxe7
Re8 15. d6 Nc4 16. O-O-O Bd7 17. Rd5 Ra7 18. Rc5 Rb8 19. b3 Ne3 20. g4 b4 21.
axb4 Rxb4 22. Nd5 Nxd5 23. Rxd5 a5 24. Rc5 Rbb7 25. Kd2 a4 26. bxa4 Rxa4 27.
Rc7 Rab4 28. Rxb7 Rxb7 29. Ke3 f5 30. g5 Rb5 31. c4 Rb3+ 32. Kf4 Bc6 33. Rf1
Bb2 34. Kg3 Ba3 35. Nd4 Rb6 36. Nxc6 Rxc6 37. Rd1 Kf7 38. Bf6 Rxd6 39. Rxd6
Bxd6+ 40. f4 Bc5 41. Kf3 Ke6 42. Ke2 Bd6 43. Kf3 Bc5 44. Be5 Kd7 45. Ke2 Bd6
46. Bxd6 Kxd6 47. Kd3 1-0

[Event "XVII Weekend B"]
[Site "Campodarsego ITA"]
[Date "2006.01.21"]
[Round "2"]
[White "Sartori, Francesco"]
[Black "Mogno, Stefano"]
[Result "1-0"]
[WhiteElo "1476"]
[BlackElo "1431"]
[PlyCount "49"]
[EventDate "2006.01.20"]

1. e4 e5 2. Nc3 Nc6 3. Bc4 Nf6 4. f4 d6 5. Nf3 Bg4 6. O-O a6 7. a4 Nd4 8. d3
Nxf3+ 9. gxf3 Bd7 10. f5 g6 11. Qe1 gxf5 12. Kh1 Rg8 13. Qh4 f4 14. Nd5 Nxd5
15. Qxd8+ Rxd8 16. Bxd5 c6 17. Ba2 Be6 18. c4 d5 19. d4 dxe4 20. dxe5 e3 21. b3
Rg5 22. Bxe3 fxe3 23. f4 Rg4 24. Rfe1 Rd4 25. Rxe3 {...} 1-0

[Event "XVII Weekend B"]
[Site "Campodarsego ITA"]
[Date "2006.01.21"]
[Round "2"]
[White "Tomio, Dante"]
[Black "Frascati, Francesco"]
[Result "1-0"]
[WhiteElo "1831"]
[BlackElo "1556"]
[PlyCount "71"]
[EventDate "2006.01.20"]

1. d4 Nf6 2. Nf3 g6 3. c4 Bg7 4. Nc3 O-O 5. e4 d6 6. Be2 e5 7. O-O Nc6 8. d5
Ne7 9. Ne1 a5 10. Be3 Bd7 11. c5 Ne8 12. Rc1 f5 13. f3 f4 14. Bf2 g5 15. cxd6
Nxd6 16. Nd3 b6 17. a4 Rc8 18. Qb3 Qe8 19. Ne1 Kh8 20. Nb5 Rf6 21. Rxc7 Rxc7
22. Nxc7 Qh5 23. Ne6 Ng6 24. Qxb6 Nxe4 25. fxe4 Qxe2 26. Qd8+ Nf8 27. Nxf8 Rxf8
28. Qxd7 Qxe4 29. Nf3 g4 30. Re1 Qc2 31. Qxg4 Qxb2 32. Ng5 Qc2 33. Ne6 Rf7 34.
Qh5 Kg8 35. Nxg7 Rxg7 36. Qe8# 1-0

[Event "XVII Weekend B"]
[Site "Campodarsego ITA"]
[Date "2006.01.21"]
[Round "2"]
[White "Vedovato, Rudi"]
[Black "Zanon, Leandro"]
[Result "1-0"]
[WhiteElo "1706"]
[BlackElo "1517"]
[PlyCount "91"]
[EventDate "2006.01.20"]

1. d4 Nf6 2. Bg5 e6 3. Bxf6 gxf6 4. c4 e5 5. Nc3 b6 6. d5 d6 7. e4 Na6 8. Nge2
Nc5 9. b4 Nb7 10. Ng3 a5 11. a3 axb4 12. axb4 Bd7 13. Be2 Rg8 14. O-O Bh6 15.
Nf5 Bxf5 16. exf5 Qc8 17. Ne4 Ke7 18. Rxa8 Qxa8 19. Qa1 Qc8 20. Qa7 Qa8 21. Ra1
Qc8 22. Ng3 Bg5 23. Bd1 Bd2 24. Qa3 Bf4 25. Qf3 Bd2 26. Qb3 Bf4 27. Ra7 Rg7 28.
Qa4 Bxg3 29. hxg3 Nd8 30. g4 Rg5 31. Ra8 Qd7 32. Qxd7+ Kxd7 33. Ba4+ Ke7 34.
Ra7 Rxg4 35. Rxc7+ Kf8 36. Rd7 Rxc4 37. Rxd8+ Kg7 38. Rxd6 Rxb4 39. Bc6 Kf8 40.
Rd8+ Ke7 41. Rd7+ Kf8 42. Rb7 Rf4 43. d6 Rd4 44. Rb8+ Kg7 45. d7 h5 46. d8=Q
1-0

[Event "XVII Weekend B"]
[Site "Campodarsego ITA"]
[Date "2006.01.21"]
[Round "3"]
[White "Bonani, Georg"]
[Black "Broli, Carlo"]
[Result "1/2-1/2"]
[WhiteElo "1897"]
[BlackElo "1653"]
[PlyCount "33"]
[EventDate "2006.01.20"]

1. e4 Nf6 2. e5 Nd5 3. d4 d6 4. Nf3 Bg4 5. Be2 e6 6. O-O Be7 7. c4 Nb6 8. Nc3
O-O 9. Be3 a6 10. exd6 cxd6 11. c5 dxc5 12. dxc5 Nd5 13. Nxd5 Qxd5 14. Qxd5
exd5 15. h3 Bd7 16. Ne5 Be6 17. f4 1/2-1/2

[Event "XVII Weekend B"]
[Site "Campodarsego ITA"]
[Date "2006.01.21"]
[Round "3"]
[White "Busa', Michele"]
[Black "Giancristofaro, Luca"]
[Result "1-0"]
[WhiteElo "1616"]
[BlackElo "1509"]
[PlyCount "85"]
[EventDate "2006.01.20"]

1. Nf3 d5 2. g3 Nf6 3. d4 Bg4 4. Bg2 e6 5. O-O c5 6. c4 Bxf3 7. Bxf3 Nc6 8.
dxc5 d4 9. Qa4 Qc7 10. Bf4 Qd7 11. Rd1 Rd8 12. Nc3 Bxc5 13. Ne4 Nxe4 14. Bxe4
Ne7 15. Qxd7+ Rxd7 16. Rd3 Ng6 17. Bxg6 hxg6 18. Rad1 f6 19. a3 e5 20. Bc1 g5
21. b4 e4 22. R3d2 Bb6 23. c5 Bc7 24. Rxd4 Re7 25. f3 exf3 26. exf3 Re2 27.
Re4+ Rxe4 28. fxe4 Ke7 29. Kg2 g4 30. Bf4 Be5 31. Bxe5 fxe5 32. Rd6 Rh6 33.
Rxh6 gxh6 34. Kf2 Kd7 35. Ke3 Kc6 36. Kd3 Kb5 37. Kc3 Ka4 38. Kc4 Kxa3 39. b5
a5 40. bxa6 bxa6 41. c6 a5 42. c7 a4 43. Kc3 1-0

[Event "XVII Weekend B"]
[Site "Campodarsego ITA"]
[Date "2006.01.21"]
[Round "3"]
[White "Caverzan, Leonardo"]
[Black "Vedovato, Rudi"]
[Result "1/2-1/2"]
[WhiteElo "1551"]
[BlackElo "1706"]
[PlyCount "52"]
[EventDate "2006.01.20"]

1. e4 d5 2. exd5 Nf6 3. Nf3 Nxd5 4. Bc4 Bg4 5. h3 Bh5 6. d3 e6 7. Bd2 Nc6 8. g4
Bg6 9. Nc3 Bb4 10. Nxd5 Bxd2+ 11. Qxd2 exd5 12. Qe3+ Ne7 13. Bb3 O-O 14. O-O-O
c6 15. Rde1 Re8 16. Nh4 Qd7 17. f4 h6 18. Qf3 b5 19. f5 Bh7 20. f6 Ng6 21. Nxg6
Bxg6 22. fxg7 Kxg7 23. h4 Rxe1+ 24. Rxe1 Re8 25. Rxe8 Qxe8 26. Kd2 Qe5 1/2-1/2

[Event "XVII Weekend B"]
[Site "Campodarsego ITA"]
[Date "2006.01.21"]
[Round "3"]
[White "Cusella, Flaviano"]
[Black "Mogno, Stefano"]
[Result "1-0"]
[WhiteElo "1464"]
[BlackElo "1431"]
[PlyCount "47"]
[EventDate "2006.01.20"]

1. d4 d5 2. Nf3 Nf6 3. e3 Nc6 4. c3 e6 5. Bd3 Be7 6. Nbd2 O-O 7. O-O a6 8. e4
dxe4 9. Nxe4 Nxe4 10. Bxe4 b6 11. Ne5 Bd7 12. Nxc6 Bxc6 13. Bxc6 Rc8 14. Re1
Qd6 15. Be4 c5 16. Qh5 g6 17. Qh6 cxd4 18. Rd1 Qe5 19. f3 dxc3 20. Bf4 Qc5+ 21.
Kh1 cxb2 22. Rab1 Qa3 23. Be5 Rc1 24. Qg7# 1-0

[Event "XVII Weekend B"]
[Site "Campodarsego ITA"]
[Date "2006.01.21"]
[Round "3"]
[White "Favero, Graziano"]
[Black "Castellano, Alfonso"]
[Result "1-0"]
[WhiteElo "1649"]
[BlackElo "1935"]
[PlyCount "97"]
[EventDate "2006.01.20"]

1. e4 c5 2. Nf3 d6 3. d4 cxd4 4. Nxd4 Nf6 5. Nc3 a6 6. a4 Qc7 7. Be2 e5 8. Nb3
Be6 9. Be3 Be7 10. O-O O-O 11. Rc1 Nbd7 12. Qd2 Nb6 13. a5 Nc4 14. Bxc4 Bxc4
15. Bb6 Qc6 16. Rfe1 Nd7 17. Nd5 Bxd5 18. exd5 Qc4 19. Be3 f5 20. f3 Qh4 21.
Qf2 Qh5 22. f4 Nf6 23. Qf3 Qxf3 24. gxf3 Nxd5 25. fxe5 dxe5 26. Bc5 Rfe8 27.
Rcd1 Bh4 28. Bf2 Bxf2+ 29. Kxf2 Nf6 30. c3 Rac8 31. Nc1 Rc5 32. Rg1 Rxa5 33.
Rd6 Kf7 34. Rb6 Re7 35. Rd1 e4 36. Nb3 Rd5 37. Rxf6+ Kxf6 38. Rxd5 e3+ 39. Ke2
f4 40. Nd4 g6 41. h4 h5 42. Nc2 Ke6 43. Rd4 Kf5 44. Ne1 g5 45. Ng2 Rf7 46. Rd5+
Ke6 47. Rxg5 Rd7 48. Nxf4+ Kf6 49. Nd3 1-0

[Event "XVII Weekend B"]
[Site "Campodarsego ITA"]
[Date "2006.01.21"]
[Round "3"]
[White "Forato, Enrico"]
[Black "Tomio, Dante"]
[Result "1/2-1/2"]
[WhiteElo "1951"]
[BlackElo "1831"]
[PlyCount "97"]
[EventDate "2006.01.20"]

1. e4 c5 2. Nf3 d6 3. d4 cxd4 4. Nxd4 Nf6 5. Nc3 g6 6. Be2 Bg7 7. O-O O-O 8.
Be3 Nc6 9. Nb3 Be6 10. f4 Na5 11. f5 Bc4 12. e5 Bxe2 13. Nxe2 Ng4 14. Bg5 Bxe5
15. g3 Nc4 16. Qd3 Nxb2 17. Qe4 Qb6+ 18. Kg2 Nf6 19. Bxf6 Bxf6 20. fxg6 hxg6
21. Rab1 Qc6 22. Qxc6 bxc6 23. Rxf6 exf6 24. Rxb2 a5 25. c4 a4 26. Nbd4 Rab8
27. Rxb8 Rxb8 28. Kf3 c5 29. Nb5 d5 30. Nec3 dxc4 31. Ke4 Rd8 32. Nxa4 Rd2 33.
Nac3 Rxh2 34. a4 Rh1 35. Kd5 Rg1 36. Kxc4 Rxg3 37. a5 Rg1 38. a6 Ra1 39. a7 g5
40. Ne4 Kg7 41. Nxc5 f5 42. Kb4 Rxa7 43. Nxa7 g4 44. Nd3 Kg6 45. Kc3 g3 46. Ne1
Kg5 47. Kd3 f4 48. Nf3+ Kg4 49. Ke2 1/2-1/2

[Event "XVII Weekend B"]
[Site "Campodarsego ITA"]
[Date "2006.01.21"]
[Round "3"]
[White "Fracasso Pezzolato, Michele"]
[Black "Demiraj, Rumi"]
[Result "1-0"]
[WhiteElo "1799"]
[BlackElo "1895"]
[PlyCount "29"]
[EventDate "2006.01.20"]

1. e4 c6 2. d4 d5 3. Nc3 e6 4. Nf3 Bb4 5. e5 Ne7 6. Bd2 O-O 7. Bd3 b6 8. Bxh7+
Kh8 9. Ng5 g6 10. Qg4 Nf5 11. Bxg6 Kg7 12. Bxf7 Nh6 13. Nxe6+ Kxf7 14. Nxd8+
Rxd8 15. Qh5+ 1-0

[Event "XVII Weekend B"]
[Site "Campodarsego ITA"]
[Date "2006.01.21"]
[Round "3"]
[White "Fragni, Enrico"]
[Black "Marson, Antonio"]
[Result "1/2-1/2"]
[WhiteElo "1844"]
[BlackElo "1851"]
[PlyCount "44"]
[EventDate "2006.01.20"]

1. c4 c6 2. Nc3 Nf6 3. Nf3 d5 4. e3 Bg4 5. Be2 e6 6. h3 Bxf3 7. Bxf3 Nbd7 8.
cxd5 cxd5 9. O-O Be7 10. d4 O-O 11. Bd2 a6 12. a3 b5 13. Ne2 Nb8 14. Rc1 Nbd7
15. Ng3 Qb6 16. Qb3 Qb7 17. Rc2 Rac8 18. Rfc1 Nb6 19. Bb4 Bxb4 20. Qxb4 Rxc2
21. Rxc2 Rc8 22. Rc5 Nfd7 1/2-1/2

[Event "XVII Weekend B"]
[Site "Campodarsego ITA"]
[Date "2006.01.21"]
[Round "3"]
[White "Frascati, Francesco"]
[Black "Sartori, Francesco"]
[Result "0-1"]
[WhiteElo "1556"]
[BlackElo "1476"]
[PlyCount "95"]
[EventDate "2006.01.20"]

1. d4 Nf6 2. Nf3 g6 3. g3 Bg7 4. Bg2 d5 5. Nbd2 Nbd7 6. O-O O-O 7. c3 Re8 8.
Re1 e5 9. dxe5 Nxe5 10. Nxe5 Rxe5 11. Nf3 Re8 12. Bg5 c6 13. Nd4 Bg4 14. h3 Bd7
15. Qb3 Qc8 16. Kh2 Ne4 17. Be3 Qc7 18. Bxe4 Rxe4 19. Rad1 Rae8 20. Bf4 Rxf4
21. gxf4 Qxf4+ 22. Kg2 Qg5+ 23. Kh1 Bxh3 24. Rg1 Qh5 25. Rg3 Be5 26. Rdd3 Bxg3
27. Rxg3 Bg4+ 28. Kg2 Bxe2 29. Qxb7 Qe5 30. Qxa7 c5 31. Qxc5 Qe4+ 32. Kg1 Qb1+
33. Kh2 Qxb2 34. Nf5 Qd2 35. Re3 Rb8 36. Qd6 Rf8 37. Ne7+ Kg7 38. Nxd5 Bh5 39.
Qf6+ Kh6 40. Nb4 Qd8 41. Qf4+ Qg5 42. Qd6 Qh4+ 43. Kg1 Rd8 44. Qe7 Rd1+ 45. Kg2
Qh1+ 46. Kg3 Qg1+ 47. Kf4 Qxf2+ 48. Ke4 0-1

[Event "XVII Weekend B"]
[Site "Campodarsego ITA"]
[Date "2006.01.21"]
[Round "3"]
[White "Giordan, Daniele"]
[Black "Pagan, Andrea"]
[Result "1-0"]
[WhiteElo "1870"]
[BlackElo "1733"]
[PlyCount "97"]
[EventDate "2006.01.20"]

1. e4 c6 2. d4 d5 3. e5 Bf5 4. g4 Bd7 5. f4 e6 6. Nf3 c5 7. c3 Nc6 8. Be3 Qb6
9. Qb3 Qxb3 10. axb3 cxd4 11. Nxd4 Nxd4 12. Bxd4 a6 13. Bd3 Ne7 14. O-O Nc6 15.
Be3 g6 16. Nd2 Bg7 17. b4 O-O 18. Nb3 Rad8 19. Bb6 Rde8 20. g5 Ra8 21. Nc5 Bc8
22. b5 Nb8 23. Ra2 Nd7 24. Nxd7 Bxd7 25. bxa6 bxa6 26. b4 Rfc8 27. Bc5 Bb5 28.
Bxb5 axb5 29. Rfa1 Rxa2 30. Rxa2 Bf8 31. Bd6 Rd8 32. Bc7 Rc8 33. Ra7 d4 34.
cxd4 Bxb4 35. Kf2 Bd2 36. Kf3 b4 37. Rb7 Kg7 38. Bd6 Rc4 39. Rb8 h5 40. Be7 f5
41. exf6+ Kh7 42. f7 Rxd4 43. f8=Q Rxf4+ 44. Qxf4 Bxf4 45. Kxf4 Kg7 46. Bxb4
Kf7 47. Ke5 Kg7 48. Kxe6 h4 49. Bc3+ 1-0

[Event "XVII Weekend B"]
[Site "Campodarsego ITA"]
[Date "2006.01.21"]
[Round "3"]
[White "Lucich, Gianni"]
[Black "Liekocaj, Ivan"]
[Result "1-0"]
[WhiteElo "1550"]
[BlackElo "1700"]
[PlyCount "111"]
[EventDate "2006.01.20"]

1. d4 Nf6 2. c4 e6 3. Nf3 c5 4. d5 exd5 5. cxd5 d6 6. Nc3 a6 7. e4 Be7 8. Be2
O-O 9. a4 Nbd7 10. O-O Re8 11. Qc2 h6 12. Re1 Nh7 13. Bd3 Ng5 14. Nd2 Ne5 15.
f4 Nxd3 16. Qxd3 Nh7 17. Nc4 Bd7 18. a5 Bb5 19. Nxb5 axb5 20. Nb6 c4 21. Qc3
Nf8 22. Nxa8 Qxa8 23. Be3 Nd7 24. Bd4 f6 25. Qg3 Qb8 26. a6 bxa6 27. Rxa6 Nc5
28. Bxc5 dxc5 29. e5 fxe5 30. fxe5 Bg5 31. h4 Qb7 32. Rea1 Qxd5 33. hxg5 hxg5
34. Qxg5 Rxe5 35. Ra8+ Kh7 36. Qd8 Qd4+ 37. Qxd4 cxd4 38. Rd8 d3 39. Rb8 Re2
40. Rxb5 Rc2 41. Kf1 d2 42. Ke2 Rc1 43. Rd5 Rxa1 44. Rxd2 Ra2 45. Ke3 Ra4 46.
Kd4 Kg6 47. Rc2 Kf5 48. Rxc4 Ra1 49. b4 Rd1+ 50. Kc5 g5 51. b5 g4 52. b6 Rb1
53. Kc6 g3 54. b7 Ke5 55. Kc7 Kd5 56. Rc2 1-0

[Event "XVII Weekend B"]
[Site "Campodarsego ITA"]
[Date "2006.01.21"]
[Round "3"]
[White "Quaranta, Gaetano"]
[Black "Rosina, Graziano"]
[Result "0-1"]
[WhiteElo "1670"]
[BlackElo "1521"]
[PlyCount "64"]
[EventDate "2006.01.20"]

1. e4 e5 2. Nf3 Nf6 3. Nxe5 d6 4. Nf3 Nxe4 5. d4 d5 6. Bd3 Bd6 7. c4 c6 8. Nc3
Nxc3 9. bxc3 Bg4 10. cxd5 cxd5 11. O-O O-O 12. Re1 Re8 13. Be3 Nd7 14. Bxh7+
Kh8 15. Bd3 Nf6 16. Be2 Ne4 17. Qb3 Rb8 18. Ne5 Bxe5 19. Bxg4 Bc7 20. Bf3 f5
21. Bh5 Bxh2+ 22. Kf1 Rf8 23. Qd1 Qh4 24. Bg6 f4 25. Qh5+ Qxh5 26. Bxh5 fxe3
27. Rxe3 Rxf2+ 28. Ke1 Rxg2 29. Rh3 Kg8 30. Rd1 Rg1+ 31. Ke2 Rxd1 32. Kxd1 Nf2+
0-1

[Event "XVII Weekend B"]
[Site "Campodarsego ITA"]
[Date "2006.01.21"]
[Round "3"]
[White "Reginato, Sabrina"]
[Black "Palumbo, Giuseppe"]
[Result "1/2-1/2"]
[WhiteElo "1493"]
[BlackElo "1631"]
[PlyCount "86"]
[EventDate "2006.01.20"]

1. e4 c5 2. Nf3 d6 3. d4 cxd4 4. Nxd4 Nf6 5. Nc3 a6 6. Be2 e5 7. Nb3 Be6 8. Be3
Be7 9. O-O O-O 10. Qd2 Qc7 11. Rac1 Nbd7 12. Rfd1 h6 13. Nd5 Nxd5 14. exd5 Bf5
15. c4 Rac8 16. Rc3 Bf6 17. Rdc1 b6 18. Qd1 e4 19. Bd4 Ne5 20. f4 exf3 21. Bxf3
Qe7 22. Re3 Bg5 23. Qe2 Nxf3+ 24. Qxf3 Bxe3+ 25. Bxe3 Bg6 26. Bxb6 Rfe8 27. Bf2
Qe2 28. Qc3 Re4 29. Nd2 Rf4 30. Bg3 Rg4 31. Re1 Qd3 32. Bxd6 Rgxc4 33. Nxc4
Rxc4 34. Qxd3 Bxd3 35. Be7 Rc2 36. b4 f6 37. a4 Kf7 38. Bc5 Re2 39. Rxe2 Bxe2
40. Kf2 Bc4 41. d6 Ke6 42. Ke3 Bd5 43. g3 Bc6 1/2-1/2

[Event "XVII Weekend B"]
[Site "Campodarsego ITA"]
[Date "2006.01.21"]
[Round "3"]
[White "Tonolo, Maurizio"]
[Black "Camosi, Roberto"]
[Result "1-0"]
[WhiteElo "1712"]
[BlackElo "1703"]
[PlyCount "99"]
[EventDate "2006.01.20"]

1. c4 Nf6 2. d4 g6 3. Nc3 Bg7 4. e4 d6 5. f3 O-O 6. Be3 e5 7. d5 c5 8. Qd2 a5
9. Bd3 Na6 10. Nge2 Nh5 11. g4 Nf6 12. Bg5 Nb4 13. Bb1 h6 14. Bxh6 Nxg4 15.
Bxg7 Qh4+ 16. Ng3 Nxh2 17. Qxh2 Qxh2 18. Rxh2 Kxg7 19. a3 Na6 20. Bc2 Bd7 21.
Ba4 Bxa4 22. Nxa4 Rh8 23. Rxh8 Rxh8 24. Kd2 Rh2+ 25. Ne2 Nc7 26. Nb6 Kf6 27.
Nc8 b5 28. Nxd6 bxc4 29. a4 Na6 30. Nxc4 Nb4 31. Ne3 Ke7 32. Ng4 Rh4 33. Ne3 f5
34. Nc4 fxe4 35. fxe4 Rh3 36. Ra3 Rh4 37. Re3 Nxd5 38. exd5 Rxc4 39. Nc3 Kf6
40. Re4 Rd4+ 41. Rxd4 cxd4 42. Ne4+ Ke7 43. Kd3 Kd7 44. Kc4 Kc7 45. b4 axb4 46.
Kxb4 g5 47. Kc4 g4 48. a5 Kb7 49. d6 d3 50. Kxd3 1-0

[Event "XVII Weekend B"]
[Site "Campodarsego ITA"]
[Date "2006.01.21"]
[Round "3"]
[White "Zanon, Leandro"]
[Black "Camonico, Andrea"]
[Result "1-0"]
[WhiteElo "1517"]
[BlackElo "1425"]
[PlyCount "38"]
[EventDate "2006.01.20"]

1. d4 Nf6 2. c4 e6 3. Nc3 Be7 4. e4 d6 5. Bd3 O-O 6. Be3 Nbd7 7. g4 Ne8 8. Qd2
c6 9. g5 g6 10. O-O-O Nc7 11. f4 b6 12. Nf3 Bb7 13. h4 d5 14. h5 dxc4 15. Bxc4
Ba6 16. Bb3 Nb5 17. hxg6 fxg6 18. Bxe6+ Kg7 19. Qh2 Rh8 1-0

[Event "XVII Weekend B"]
[Site "Campodarsego ITA"]
[Date "2006.01.22"]
[Round "4"]
[White "Broli, Carlo"]
[Black "Forato, Enrico"]
[Result "1/2-1/2"]
[WhiteElo "1653"]
[BlackElo "1951"]
[PlyCount "50"]
[EventDate "2006.01.20"]

1. c4 e5 2. g3 f5 3. d3 Nf6 4. Nc3 d6 5. Bg2 g6 6. Bg5 Bg7 7. e3 O-O 8. Nge2 c6
9. O-O Nbd7 10. b4 h6 11. Bxf6 Nxf6 12. Rc1 g5 13. Qb3 Qe8 14. b5 Bd7 15. bxc6
bxc6 16. Qa3 Qb8 17. Rb1 Qc7 18. Rb3 Rab8 19. Rfb1 Rxb3 20. Qxb3 Rc8 21. Qb7
Kf8 22. Qa6 Ra8 23. Qb7 Rc8 24. Qa6 Ra8 25. Qb7 Rc8 1/2-1/2

[Event "XVII Weekend B"]
[Site "Campodarsego ITA"]
[Date "2006.01.22"]
[Round "4"]
[White "Camonico, Andrea"]
[Black "Frascati, Francesco"]
[Result "0-1"]
[WhiteElo "1425"]
[BlackElo "1556"]
[PlyCount "89"]
[EventDate "2006.01.20"]

1. Nf3 Nf6 2. g3 g6 3. Bg2 Bg7 4. O-O O-O 5. d3 d6 6. c3 e5 7. Nbd2 Nc6 8. e4
b6 9. Nb3 Ba6 10. Re1 Rc8 11. Be3 Qe8 12. Qc2 Rd8 13. Rad1 Ne7 14. Bg5 h6 15.
Bxf6 Bxf6 16. d4 Nc6 17. dxe5 Bxe5 18. Nxe5 dxe5 19. Rxd8 Qxd8 20. Rd1 Qf6 21.
Rd7 Rc8 22. Qd2 Kg7 23. Bh3 Rd8 24. Rxd8 Qxd8 25. Qxd8 Nxd8 26. Bf1 Bb7 27. f3
Ne6 28. h4 g5 29. Bc4 Nf8 30. hxg5 hxg5 31. Kf2 Ng6 32. Ke3 Ne7 33. a4 a5 34.
f4 f6 35. fxe5 fxe5 36. Nd2 Nc8 37. Nf3 Kf6 38. Nd2 Nd6 39. Bd5 c6 40. Nc4
Nxc4+ 41. Bxc4 Bc8 42. b4 Ke7 43. Kd3 Bd7 44. Bb3 Kd6 45. Kc4 0-1